| 000 | 00617nam a2200205Ia 4500 | ||
|---|---|---|---|
| 003 | IN-BaIIA | ||
| 008 | 211028s9999 xx 000 0 eng d | ||
| 020 | _a978-0-393-06224-3 | ||
| 040 | _cIIA Library | ||
| 080 |
_a524.882 _bTYS |
||
| 100 |
_aTyson, Neil DeGrasse _929709 |
||
| 245 | 0 |
_aDeath by black hole _band other cosmic quandaries _cNeil DeGrasse Tyson |
|
| 260 |
_aNew York _bW. W Norton _c2007 |
||
| 300 | _a384p. | ||
| 650 |
_aAstrobiology _925948 |
||
| 650 |
_aBlack holes _97728 |
||
| 650 |
_aReligion and science _930628 |
||
| 650 | _aSolar system | ||
| 942 | _cBK | ||
| 999 |
_c17028 _d17028 |
||